000 01140cas a22003491 4500
003 OSt
005 20241211141213.0
008 090329c19609999nyumr p 0 a0eng d
022 0 _a0002-7707
_z0000-0639
_z0569-3535
_z0569-3527
040 _aMnMULS
_cMnMULS
_dNAlULS
_dFGULS
_dDI
_dCtY
_dNIC
_dNSDP
_dDLC
_dOCoLC
_dDLC
_dOCoLC
_dOCoLC
_dOCoLC
_dAIP
_dNSDP
_dDLC
_dMH
_dNST
_dNSDP
_dNST
_dMH
_dNST
_dInU
_dN
_dDNAL
_dInU
_dDNLM
_dOCoLC
_dMH
043 _an-us---
092 4 _a015.05
_bA51227
_221
099 _a\4
_a015.05 A51227
222 0 _aAmerican book publishing record
245 0 0 _aAmerican book publishing record
246 3 _aABPR
_fJune 1985-
246 3 _aBPR
_f1960-May 1985
300 _av.
_c24 cm.
310 _aMonthly
336 _atext
_2rda content
337 _aUnmediated
_2rdamedia
338 _avolume
_2rdacarrier
362 0 _av. 1- Feb. 1960-
500 _aAt head of title: BPR, 1960-May 1985; ABPR, June 1985-
541 _aDeposit
650 2 _aBook Prices.
651 0 _aUnited States
_xImprints
_vPeriodicals.
710 2 _aR.R. Bowker Company.
905 _aamr
_eRev
905 _aHala
_eCat
942 _cCR
_n0
999 _c109644
_d109644